000 00428nam a2200169Ia 4500
008 231217s9999 xx 000 0 und d
020 _a8178815443
041 _aEnglish
082 _a658.3 RAM;1 R
100 _aRamani, V V ed.
245 0 _aOrganization culture : global perspectives and cases
250 _a1st ed.
260 _c2005
_bICFAI Press
_aHyderabad
300 _aix, 185
650 _aICFAI
942 _cAA
999 _c181478
_d181478